000
00341nam a2200169Ia 4500
100
_a
Schildt/Herbert
650
_a
C++
942
_c
BK
366
_f
20
654
_a
C++
245
_a
C++:Begineers Guide
260
_b
Tata Mc Graw hill Ltd.
_c
2002
082
_a
5.133
_b
SCH
300
_a
632
546
_a
ENGLISH
_c
TTL
999
_c
18245
_d
18245